[Event "SLO-chT U16"]
[Site "Murska Sobota"]
[Date "2018.05.13"]
[Round "5"]
[White "Zerovec, Adam"]
[Black "Ferfole, Ziga"]
[Result "0-1"]
[WhiteElo "1648"]
[BlackElo "1615"]
[PlyCount "74"]
[EventDate "2018.05.11"]
[EventType "team-swiss"]
[EventRounds "5"]
[EventCountry "SLO"]
[SourceTitle "EXT 2020"]
[Source "ChessBase"]
[SourceDate "2019.10.17"]
[SourceVersion "1"]
[SourceVersionDate "2019.10.17"]
[SourceQuality "1"]

1. e4 c5 2. f4 e6 3. Nc3 Nc6 4. Bb5 a6 5. Bc4 b5 6. Be2 Be7 7. Nf3 d6 8. d4 c4 9. 0-0 Bb7 10. d5 exd5 11. Nxd5 Nf6 12. Nxf6+ Bxf6 13. Qd5 Qe7 14. Ng5 Nd4 15. Qxf7+ Qxf7 16. Nxf7 Kxf7 17. Bf3 Rhf8 18. e5 Bxf3 19. gxf3 dxe5 20. Rd1 Ne2+ 21. Kf1 Nxf4 22. Be3 Kg8 23. Rd7 Rad8 24. Rad1 h6 25. Bc5 Rxd7 26. Rxd7 Rd8 27. Rxd8+ Bxd8 28. Bd6 Bf6 29. b3 cxb3 30. axb3 a5 31. c4 bxc4 32. bxc4 Ne6 33. c5 Nd8 34. Ke2 a4 35. c6 Nxc6 36. Ba3 Nd4+ 37. Kd3 Nxf3 0-1